000 00464nam a2200157 i 4500
001 59180
003 ES-MaACL
005 20230906164000.0
007 t|
008 031027s1960 sp ||||1| spa d
100 1 _aElías de Tejada, Francisco.
_946976
245 1 0 _aCerdeña hispánica /
_cFrancisco Elías de Tejada.
260 _a[S.l.] :
_bMontejurra,
_c[1960] (
_eSevilla :
_fImp. Ecesa)
300 _a276 p. ;
_c19 cm.
852 _aES-MaACL
_jC-31698
_bR.52375
999 _c59180
_d59180